Kuli dengan gadis-gadis jelita (Record no. 156084)

MARC details
000 -LEADER
fixed length control field 00766nam a2200265 i 4500
001 - CONTROL NUMBER
control field C2-0182563
003 - CONTROL NUMBER IDENTIFIER
control field PPAK
005 - DATE AND TIME OF LATEST TRANSACTION
control field 20180728095455.0
008 - FIXED-LENGTH DATA ELEMENTS--GENERAL INFORMATION
fixed length control field 981102s1997 my a|||| ||||| | may d
020 ## - INTERNATIONAL STANDARD BOOK NUMBER
International Standard Book Number 9838981362
040 ## - CATALOGING SOURCE
Original cataloging agency PPAK
Language of cataloging eng
Transcribing agency PPAK
Description conventions rda
082 04 - DEWEY DECIMAL CLASSIFICATION NUMBER
Classification number 899.233
Edition number 23
090 00 - LOCALLY ASSIGNED LC-TYPE CALL NUMBER (OCLC); LOCAL CALL NUMBER (RLIN)
Classification number (OCLC) (R) ; Classification number, CALL (RLIN) (NR) 899.233
Feature heading ZLE
Feature heading K
100 0# - MAIN ENTRY--PERSONAL NAME
Personal name Z. Leman,
Relator term author
245 10 - TITLE STATEMENT
Title Kuli dengan gadis-gadis jelita
264 #1 - PRODUCTION, PUBLICATION, DISTRIBUTION, MANUFACTURE, AND COPYRIGHT NOTICE
Place of production, publication, distribution, manufacture Melaka :
Name of producer, publisher, distributor, manufacturer Pustaka Ilham ,
Date of production, publication, distribution, manufacture, or copyright notice 1997
300 ## - PHYSICAL DESCRIPTION
Extent 62 pages :
Other physical details illustrations ;
Dimensions 19 cm
336 ## - CONTENT TYPE
Source rdacontent
Content type term text
337 ## - MEDIA TYPE
Source rdamedia
Media type term unmediated
338 ## - CARRIER TYPE
Source rdacarrier
Carrier type term volume
490 1# - SERIES STATEMENT
Series statement Siri Cerita Pilihan Seribu Satu Malam
650 10 - SUBJECT ADDED ENTRY--TOPICAL TERM
Topical term or geographic name entry element Children's stories, Malay
830 #0 - SERIES ADDED ENTRY--UNIFORM TITLE
Uniform title Siri Cerita Pilihan Seribu Satu Malam
942 ## - ADDED ENTRY ELEMENTS (KOHA)
-- dc
Koha item type Book
Holdings
Withdrawn Not for loan Current library Shelving location Date acquired Total Checkouts Full call number Barcode Date last seen Date last checked out Koha item type
    Perpustakaan Awam Sungai Petani Pinjaman Kanak-kanak 02/11/1998 2 K 899.233 ZLE A00227989 25/03/2019 25/03/2019 Book
    Perpustakaan Awam Sungai Petani Pinjaman Kanak-kanak 02/11/1998   K 899.233 ZLE A00227990 01/06/2018   Book
    Perpustakaan Jitra Pinjaman Kanak-kanak 02/11/1998 1 K 899.233 ZLE A00227991 27/05/2023 17/05/2023 Book
    Perpustakaan Jitra Pinjaman Kanak-kanak 02/11/1998   K 899.233 ZLE A00227992 01/06/2018   Book
    Perpustakaan Yan Pinjaman Kanak-kanak 02/11/1998   K 899.233 ZLE A00227994 01/06/2018   Book
    Bergerak 1, Alor Setar Pinjaman Kanak-kanak 02/11/1998   K 899.233 ZLE A00227995 01/06/2018   Book
    Bergerak 3, Baling Pinjaman Kanak-kanak 02/11/1998   K 899.233 ZLE A00227997 01/06/2018   Book
    Bergerak 4, Sungai Petani Pinjaman Kanak-kanak 02/11/1998   K 899.233 ZLE A00227998 01/06/2018   Book
    Bergerak 5, Kulim Pinjaman Kanak-kanak 02/11/1998   K 899.233 ZLE A00227999 01/06/2018   Book
    Bergerak 5, Kulim Pinjaman Kanak-kanak 02/11/1998   K 899.233 ZLE A00228001 01/06/2018   Book
    PD18, Kg. Wang Tepus, Jitra Pinjaman Kanak-kanak 22/09/1999   K 899.233 ZLE A00292173 01/06/2018   Book
    PD18, Kg. Wang Tepus, Jitra Pinjaman Kanak-kanak 22/09/1999   K 899.233 ZLE A00292174 01/06/2018   Book
    PD20, Felda Lubuk Merbau, Pendang Pinjaman Kanak-kanak 22/09/1999   K 899.233 ZLE A00292175 01/06/2018   Book
    PD20, Felda Lubuk Merbau, Pendang Pinjaman Kanak-kanak 22/09/1999   K 899.233 ZLE A00292176 01/06/2018   Book
    T-PD26, Kg. Lubuk Batu, Jitra Pinjaman Kanak-kanak 22/09/1999   K 899.233 ZLE A00292171 01/06/2018   Book
    T-PD26, Kg. Lubuk Batu, Jitra Pinjaman Kanak-kanak 22/09/1999   K 899.233 ZLE A00292172 01/06/2018   Book